| 000 | 01578nam a22002657a 4500 | ||
|---|---|---|---|
| 999 |
_c62406 _d62406 |
||
| 003 | Ge_BSU | ||
| 005 | 20241023115700.0 | ||
| 008 | 241023s2023 ge ||||| |||| 00| 0 geo d | ||
| 020 | _a9789941335563 | ||
| 041 | _ageo | ||
| 080 | _a94(47+57) +321.64(47+57) მ-42 | ||
| 100 |
_aმაცაბერიძე, მალხაზ _923496 |
||
| 245 |
_aსაბჭოთა კავშირი : _bკომუნისტური ტოტალიტარიზმის აღზევება და დაცემა : [მონოგრაფია] / _cმალხაზ მაცაბერიძე; სამეცნიერო რედაქტორი სტივენ ჯონსი. |
||
| 264 |
_aთბილისი : _bუნივერსალი, _c2023. |
||
| 300 |
_a438 გვ. : _bილ. ; _c29 სმ. |
||
| 500 | _aმონოგრაფია გამოიცა შოთა რუსთაველის ეროვნული სამეცნიერო ფონდის მხარდაჭერით | ||
| 504 | _aბიბლიოგრაფია ტექსტის შენიშვნებში | ||
| 653 | _aსაბჭოთა კავშირი | ||
| 653 | _aისტორია | ||
| 653 | _aრეპრესიები | ||
| 653 | _aსაბჭოთა კავშირში | ||
| 700 |
_aჯონსი, სტივენ _eსამეცნიერო რედაქტორი _923497 |
||
| 773 | _tნაჩუქარი | ||
| 942 |
_2udc _cᲬᲘᲒᲜᲘ |
||